| 000 | 00833aam a2200313 4500 | ||
|---|---|---|---|
| 005 | 20250819195217.0 | ||
| 008 | 150420b2003 xxu||||| |||| 00| 0 spa d | ||
| 020 | _a9789977100483 | ||
| 041 | _aESP | ||
| 082 | _a346.07 M827i | ||
| 100 |
_aMora Rojas, Fernando _934100 |
||
| 245 | _aIntroducción al derecho comercial | ||
| 260 | _aCosta Rica | ||
| 260 | _bJuritexto | ||
| 260 | _c2003 | ||
| 300 | _a288 páginas | ||
| 490 | _aDirección y Administración de Empresas | ||
| 650 | _aDERECHO COMERCIAL | ||
| 650 | _aCOSTA RICA | ||
| 650 | _aCÓDIGO DE COMERCIO | ||
| 650 | _aCATEGORÍAS JURÍDICAS | ||
| 650 | _aHISTORIA | ||
| 650 | _aACTOS SUBJETIVOS DE COMERCIO | ||
| 650 | _aACTOS DE COMERCIO | ||
| 650 | _aEMPRESAS | ||
| 650 | _aPERFIL DE LA EMPRESA | ||
| 650 | _aACTIVIDAD ECONÓMICA | ||
| 942 |
_cBK _2ddc |
||
| 999 |
_c4795 _d4795 |
||